| 000 | 00572nam a22001817a 4500 | ||
|---|---|---|---|
| 999 |
_c188882 _d188882 |
||
| 005 | 20220607111428.0 | ||
| 010 | _aENG-133059 | ||
| 020 |
_a9788194318040 _c120.00 |
||
| 035 | _aEN-116591 | ||
| 037 | _bDBAD/PUB | ||
| 082 | _a155.28 | ||
| 100 | _aBahl, Gitanjali | ||
| 245 |
_aHandbook on Relieving Neck and Back Pain Due to Long Sitting Jobs/ _cGitanjali Bahl |
||
| 260 |
_aDelhi NCR _bOrangebooks Publication _c2019 |
||
| 270 |
_aVishwavidyalaya Marg, Civil Lines _bDelhi NCR _e110054 |
||
| 300 |
_a41p. _c20cm(pbk) |
||
| 942 |
_2ddc _cEN _mBAH _h155.28 |
||